Catalog

Record Details

Catalog Search



Deuteronomium 4 : literarische Analyse und theologische Interpretation  Cover Image Book Book

Deuteronomium 4 : literarische Analyse und theologische Interpretation / Dietrich Knapp.

Knapp, Dietrich. (Author).

Record details

  • ISBN: 3-525-87386-3
  • Physical Description: viii, 226 s. ; 25 cm.
  • Publisher: Göttingen : Vandenhoeck & Ruprecht, c1987.

Content descriptions

General Note:
Originally presented as the author's thesis (dissertation)--G©œttinger Georg-August-Universit©Þt, 1986.
Bibliography, etc. Note:
Bibliography: p. 211-226.
Subject: Bible. O.T. Deuteronomy IV > Criticism, interpretation, etc.

Available copies

  • 1 of 1 copy available at Common Catalog SPOK.

Holds

  • 0 current holds with 1 total copy.
Show Only Available Copies
Location Call Number / Copy Notes Barcode Shelving Location Status Due Date
ETS Library 222.15 424470016177 Volný výběr Available -

LDR 01054nam a2200289 a 4500
00142557
003CZ-PrJAB
00520180214173148.0
008880208s1987 gw e b 00010 ger
010 . ‡a 87201658
020 . ‡a3-525-87386-3
035 . ‡a(CONS)13466
035 . ‡a(CaOOAMICUS)000007929040
040 . ‡aDLC ‡beng ‡cDLC ‡dCaOONL
0500 . ‡aBS1275.2 ‡b.K63 1987
0820 . ‡a222.15
10010. ‡aKnapp, Dietrich.
24510. ‡aDeuteronomium 4 : ‡bliterarische Analyse und theologische Interpretation / ‡cDietrich Knapp.
2600 . ‡aGöttingen : ‡bVandenhoeck & Ruprecht, ‡cc1987.
300 . ‡aviii, 226 s. ; ‡c25 cm.
440 0. ‡aGöttinger theologische Arbeiten ; ‡vBd. 35
500 . ‡aOriginally presented as the author's thesis (dissertation)--G©œttinger Georg-August-Universit©Þt, 1986.
504 . ‡aBibliography: p. 211-226.
63000. ‡aBible. ‡pO.T. ‡pDeuteronomy IV ‡xCriticism, interpretation, etc.
74001. ‡aDeuteronomium vier.
8524 . ‡bETS ‡bETS ‡cVolný výběr ‡j222.15 ‡p424470016177 ‡y$50.00
910 . ‡aABG450
999 . ‡a13466 ‡c13466 ‡tbiblio
905 . ‡uadmin
901 . ‡a42557 ‡b ‡c42557 ‡tbiblio ‡sets

Additional Resources